| 000 | 00822nam a2200277 a 4500 | ||
|---|---|---|---|
| 001 | |||
| 003 | DO-SdBNP | ||
| 005 | 20250617125116.0 | ||
| 008 | 090907s20uu dr a 000 0 spa d | ||
| 040 |
_aDO-SdBNP _bspa _cDO-SdBNP |
||
| 082 |
_a617.7 _bV831s |
||
| 100 |
_a _920127 |
||
| 245 | 0 | 0 |
_aVisión saludable : _c _b¡Ojo con su visión! |
| 260 |
_aSanto Domingo : _bInstituto Nacional del Ojo, _c200-? |
||
| 300 |
_a32 p. : _bil. ; _c23 cm. |
||
| 504 | _aBibliografía : p. 211 | ||
| 590 | _aInventariado,2020/VM | ||
| 650 | 7 |
_aOftalmología _920128 _2Lemb |
|
| 650 | 7 |
_aEnfermedades de los ojos _xDiagnóstico _920129 _2Lemb |
|
| 700 |
_a _920130 |
||
| 710 | 2 |
_aInstituto Nacional del Ojo _976814 |
|
| 710 | 2 |
_aInstitutos Nacionales de la Salud _976815 |
|
| 910 | _a | ||
| 942 |
_2ddc _cLF1 |
||
| 956 | _aVMateo | ||
| 999 |
_c48850 _d48850 |
||